|
|
|
|
| LEADER |
00000nam0a2200000 4500 |
| 001 |
323548 |
| 005 |
20231102003600.0 |
| 035 |
|
|
|a (RuTPU)RU\TPU\book\349135
|
| 090 |
|
|
|a 323548
|
| 100 |
|
|
|a 20161021d1876 m y0rusy50 ca
|
| 101 |
0 |
|
|a rus
|
| 102 |
|
|
|a RU
|
| 105 |
|
|
|a a j 000zy
|
| 200 |
1 |
|
|a Химическая технология. Большие производства химических фабрик
|e лекции читанные в Санкт-Петербургском технологическом институте
|f А. К. Крупский
|
| 205 |
|
|
|a Литографическое издание
|
| 210 |
|
|
|a Санкт-Петербург
|c Литография Пазовского
|d 1875-1876
|
| 215 |
|
|
|a 160 с.
|c ил.
|
| 316 |
|
|
|5 63413507: 46//616
|a Владельческий переплет "Т. А. Реальн. У."
|
| 317 |
|
|
|5 63413507: 46//616
|a Поступила в НТБ в 1923-1924 году по распоряжению Наркомпроса
|
| 606 |
1 |
|
|a Химическая технология
|x Основы процессов
|2 stltpush
|3 (RuTPU)RU\TPU\subj\30930
|9 53936
|
| 610 |
1 |
|
|a химические производства
|
| 610 |
1 |
|
|a химические заводы
|
| 610 |
1 |
|
|a серная кислота
|
| 610 |
1 |
|
|a камера сгорания
|
| 610 |
1 |
|
|a камерное сжигание
|
| 610 |
1 |
|
|a продукты сгорания
|
| 610 |
1 |
|
|a окислы азота
|
| 610 |
1 |
|
|a литография
|
| 610 |
1 |
|
|a библиотека Томского Алексеевского Реального Училища (ТАРУ)
|
| 675 |
|
|
|a 66.01
|v 4
|
| 700 |
|
1 |
|a Крупский
|b А. К.
|
| 801 |
|
1 |
|a RU
|b 63413507
|c 20161021
|
| 801 |
|
2 |
|a RU
|b 63413507
|c 20170215
|g RCR
|
| 942 |
|
|
|c BK
|